000 00614nam a2200205Ia 4500
008 131103s9999 xx 000 0 und d
020 _a0340 08903 2
040 _aLoreto College
041 _aEnglish
082 _a371.26/VER
_bLCBkB/477
100 _aVernon,Philip E.
245 4 _aThe measurement of abilities
_cPhilip E.Vernon
260 _aLondon
_bUniversity of London Press
_c1968
300 _avii,276p
_b illus.,fig.
_c 22 cm.
504 _aIncludes bibliographical references and index
650 _aSpecial education
651 _aTest - Taking Skills
850 _aLCBkB/371.2/VER
942 _cBK
999 _c35220
_d85699